[Event "Schwarzach op-B 19th"]
[Site "Salzburg"]
[Date "2004.08.24"]
[Round "4"]
[White "Junger, Gerald"]
[Black "Ungureanu, Sandu"]
[Result "0-1"]
[WhiteElo "1925"]
[BlackElo "1800"]
[PlyCount "44"]
[EventDate "2004.08.21"]
[EventType "swiss"]
[EventRounds "9"]
[EventCountry "AUT"]
[SourceTitle "CBM 102 Extra"]
[Source "ChessBase"]
[SourceDate "2004.11.03"]
[SourceVersion "1"]
[SourceVersionDate "2004.11.03"]
[SourceQuality "1"]

1. c4 d6 2. Nc3 e5 3. Nf3 f5 4. e4 Nf6 5. d3 Nc6 6. Bg5 Be7 7. Qb3 b6 8. Be2 Na5 9. Qc2 Nc6 10. a3 a5 11. Rb1 Nd7 12. Bxe7 Nxe7 13. 0-0 0-0 14. b4 f4 15. c5 bxc5 16. Qb3+ Kh8 17. Ng5 cxb4 18. Ne6 Nc5 19. Nxd8 Nxb3 20. Rxb3 bxc3 21. Nb7 Ra7 22. Rfb1 c2 0-1

[Event "Schwarzach op-B"]
[Site "Schwarzach"]
[Date "1998.08.25"]
[Round "4"]
[White "Steinkogler, Gustav"]
[Black "Junger, Gerald"]
[Result "0-1"]
[WhiteElo "1748"]
[BlackElo "1862"]
[PlyCount "68"]
[EventDate "1998.08.30"]
[EventType "swiss"]
[EventRounds "9"]
[EventCountry "AUT"]
[SourceTitle "EXT 2000"]
[Source "ChessBase"]
[SourceDate "1999.11.16"]
[SourceVersion "1"]
[SourceVersionDate "1999.11.16"]
[SourceQuality "1"]

1. d4 Nf6 2. c4 g6 3. Nc3 Bg7 4. e4 d6 5. Bd3 0-0 6. Nge2 e5 7. d5 Nbd7 8. 0-0 Nc5 9. h3 a5 10. a4 Nfd7 11. Be3 f5 12. exf5 gxf5 13. f3 Kh8 14. Bc2 Nb6 15. b3 Bd7 16. Qd2 Rg8 17. Kh1 Qh4 18. Bf2 Qh6 19. Qxh6 Bxh6 20. Rad1 Na6 21. Ng3 Raf8 22. Nge2 Nb4 23. Bb1 Rf6 24. Bxb6 cxb6 25. f4 e4 26. Kh2 Bg7 27. g3 Rh6 28. Nd4 Bf6 29. Nce2 Re8 30. Rf2 Na6 31. Rg2 Nc5 32. Bc2 Rg6 33. Kg1 Reg8 34. Kf2 h5 0-1

[Event "Schwarzach op-B"]
[Site "Schwarzach"]
[Date "1997.08.31"]
[Round "9.4"]
[White "Wingender, Hans Peter"]
[Black "Junger, Gerald"]
[Result "1-0"]
[WhiteElo "1894"]
[BlackElo "1786"]
[PlyCount "59"]
[EventDate "1997.08.23"]
[EventType "swiss"]
[EventRounds "9"]
[EventCountry "AUT"]
[SourceTitle "EXT 1999"]
[Source "ChessBase"]
[SourceDate "1998.11.16"]
[SourceVersion "1"]
[SourceVersionDate "1998.11.16"]
[SourceQuality "1"]

1. e4 c5 2. Nf3 Nc6 3. d4 cxd4 4. Nxd4 Nf6 5. Nc3 e6 6. Nxc6 bxc6 7. e5 Ng8 8. Qg4 Qa5 9. Qg3 Ne7 10. Bd3 Ng6 11. Bxg6 hxg6 12. 0-0 Rh5 13. Re1 Bb7 14. Bf4 Be7 15. Ne4 c5 16. Qd3 Qb6 17. Rad1 Qc6 18. f3 0-0-0 19. Qa3 Qa6 20. Qc3 Qb6 21. Bg3 Kb8 22. Bf2 Qb4 23. Qxb4 cxb4 24. Bc5 Bxc5+ 25. Nxc5 Bc8 26. Rd4 f6 27. Nxe6 dxe6 28. Rxd8 fxe5 29. Re4 a5 30. Rc4 1-0

[Event "Schwarzach op-B"]
[Site "Schwarzach"]
[Date "1997.08.29"]
[Round "7.4"]
[White "Walkner, Karl"]
[Black "Junger, Gerald"]
[Result "1/2-1/2"]
[WhiteElo "1849"]
[BlackElo "1786"]
[PlyCount "106"]
[EventDate "1997.08.23"]
[EventType "swiss"]
[EventRounds "9"]
[EventCountry "AUT"]
[SourceTitle "EXT 1999"]
[Source "ChessBase"]
[SourceDate "1998.11.16"]
[SourceVersion "1"]
[SourceVersionDate "1998.11.16"]
[SourceQuality "1"]

1. e4 c5 2. Nf3 Nc6 3. d4 cxd4 4. Nxd4 Nf6 5. Nc3 e6 6. Nxc6 bxc6 7. Bg5 Qa5 8. Bxf6 gxf6 9. Qd4 e5 10. Qa4 Qxa4 11. Nxa4 Rb8 12. a3 d5 13. exd5 cxd5 14. 0-0-0 d4 15. Bc4 Bd7 16. Bb3 Rg8 17. Rhe1 Be7 18. f4 Bg4 19. Rd2 Kf8 20. Kb1 Bf5 21. Ka2 Bd6 22. Nc3 Bc7 23. Nd5 Ba5 24. c3 Be6 25. Nb4 Bxb3+ 26. Kxb3 Bxb4 27. axb4 dxc3 28. bxc3 a5 29. fxe5 axb4 30. exf6 bxc3+ 31. Kxc3 Rg6 32. Rf1 Rg5 33. Rf4 Rc5+ 34. Rc4 Ra5 35. Rb2 Ra3+ 36. Kc2 Re8 37. Re4 Rc8+ 38. Kd2 Rd8+ 39. Ke2 Ra6 40. Rf4 Re6+ 41. Kf2 Red6 42. g4 Rd5 43. Kg3 h5 44. Kh4 hxg4 45. Kxg4 Kg8 46. Rb3 Rd2 47. Kh3 R8d3+ 48. Rxd3 Rxd3+ 49. Kg4 Kh7 50. h4 Kg6 51. h5+ Kh6 52. Re4 Rd6 53. Rf4 Rd5 1/2-1/2

[Event "Zillertal op"]
[Site "Zillertal"]
[Date "1997.??.??"]
[Round "3"]
[White "Junger, Gerald"]
[Black "Lehner, Erich"]
[Result "1/2-1/2"]
[WhiteElo "1740"]
[BlackElo "1915"]
[PlyCount "139"]
[EventDate "1997.??.??"]
[EventType "swiss"]
[EventRounds "9"]
[EventCountry "AUT"]
[SourceTitle "EXT 1999"]
[Source "ChessBase"]
[SourceDate "1998.11.16"]
[SourceVersion "1"]
[SourceVersionDate "1998.11.16"]
[SourceQuality "1"]

1. e4 e6 2. d4 d5 3. exd5 exd5 4. Bd3 Nf6 5. Nf3 Bg4 6. h3 Bh5 7. 0-0 Be7 8. Nbd2 0-0 9. Be2 Nc6 10. c3 Bd6 11. Nb3 Re8 12. Bg5 h6 13. Bh4 g5 14. Bg3 g4 15. Nh2 Rxe2 16. Qxe2 gxh3 17. Qd2 hxg2 18. Kxg2 Kh7 19. Bxd6 Qxd6 20. f3 Rg8+ 21. Kh1 Qg3 22. Qf2 Qf4 23. Qd2 Qf5 24. Qf2 Nd8 25. Rae1 Ne6 26. Re5 Qf4 27. Qd2 Qh4 28. Qf2 Qh3 29. Rg1 Ng5 30. Nd2 Bg6 31. Qg3 Qc8 32. Rxg5 hxg5 33. Qxg5 Qf5 34. Qxf5 Bxf5 35. Rxg8 Kxg8 36. Nhf1 Kg7 37. Ne3 Be6 38. Kh2 Kg6 39. Nb3 b6 40. Nc1 Kg5 41. Ng2 Nh5 42. Ne2 f5 43. Kg1 f4 44. Kf2 Bf5 45. Ne1 c5 46. dxc5 bxc5 47. a3 Ng7 48. Ng2 Ne6 49. Ke1 d4 50. cxd4 cxd4 51. Kd2 d3 52. Nc1 Nd4 53. Ne1 Kh4 54. Ncxd3 Kg3 55. Ne5 Kf2 56. Kc3 Kxe1 57. Kxd4 Kf2 58. b4 Bc2 59. Kc3 Bd1 60. b5 Bxf3 61. a4 Ke3 62. a5 Be2 63. b6 axb6 64. axb6 Ba6 65. Nc4+ Ke2 66. Nd2 Bc8 67. Kc2 Ke3 68. Kc3 Bb7 69. Nc4+ Ke2 70. Nd2 1/2-1/2

[Event "Wattens op 12th"]
[Site "Wattens"]
[Date "1997.??.??"]
[Round "?"]
[White "Koenig, Dietrich"]
[Black "Junger, Gerald"]
[Result "1-0"]
[WhiteElo "2310"]
[BlackElo "1785"]
[PlyCount "127"]
[EventDate "1997.??.??"]
[EventType "swiss"]
[EventRounds "9"]
[EventCountry "AUT"]
[SourceTitle "EXT 2000"]
[Source "ChessBase"]
[SourceDate "1999.11.16"]
[SourceVersion "1"]
[SourceVersionDate "1999.11.16"]
[SourceQuality "1"]

1. d4 d5 2. Bf4 Nf6 3. e3 e6 4. Nd2 Nbd7 5. Bd3 Be7 6. Ngf3 0-0 7. 0-0 c5 8. c3 b6 9. Ne5 Bb7 10. Qf3 Nxe5 11. dxe5 Nd7 12. Qh3 g6 13. Bh6 Re8 14. f4 Bf8 15. Nf3 f5 16. exf6 Qxf6 17. Bb5 Bxh6 18. Qxh6 Re7 19. h4 Qg7 20. Qg5 Nf6 21. Bd3 Rf8 22. Rae1 Ref7 23. Qg3 Nd7 24. Qh3 Re7 25. Bb5 Nf6 26. Ne5 a6 27. Bd3 Bc8 28. g4 Nd7 29. Qg3 Nxe5 30. fxe5 Ref7 31. Rxf7 Rxf7 32. g5 Bb7 33. Rf1 Rxf1+ 34. Kxf1 Qf7+ 35. Qf2 Qxf2+ 36. Kxf2 b5 37. b4 c4 38. Bc2 Kg7 39. Kg3 Bc6 40. Kf4 Kf7 41. e4 d4 42. cxd4 Ke7 43. Ke3 Kd7 44. Bd1 Ke7 45. Bf3 Be8 46. d5 Kd7 47. Bg4 Bf7 48. Kd4 Kc7 49. Kc5 Be8 50. a3 Bd7 51. d6+ Kb7 52. h5 c3 53. Bd1 gxh5 54. Kd4 h4 55. Kxc3 h3 56. Kd2 Kc8 57. Ke3 Kd8 58. Kf2 Ke8 59. Kg3 Kf7 60. Bh5+ Kg7 61. Kxh3 Bc6 62. Kg3 Kf8 63. Kf4 Kg7 64. Ke3 1-0

[Event "Zillertal op"]
[Site "Zillertal"]
[Date "1997.??.??"]
[Round "6"]
[White "Kondrak, Christof"]
[Black "Junger, Gerald"]
[Result "1-0"]
[WhiteElo "2010"]
[BlackElo "1740"]
[PlyCount "43"]
[EventDate "1997.??.??"]
[EventType "swiss"]
[EventRounds "9"]
[EventCountry "AUT"]
[SourceTitle "EXT 1999"]
[Source "ChessBase"]
[SourceDate "1998.11.16"]
[SourceVersion "1"]
[SourceVersionDate "1998.11.16"]
[SourceQuality "1"]

1. d4 d5 2. c4 e6 3. Nf3 Nf6 4. Bg5 Be7 5. Nc3 Nbd7 6. e3 c6 7. Be2 0-0 8. 0-0 dxc4 9. Bxc4 b5 10. Be2 a6 11. Rc1 Bb7 12. a3 c5 13. Bxf6 gxf6 14. Bd3 cxd4 15. Nxd4 Nc5 16. Bb1 Kh8 17. Qh5 f5 18. Nxf5 exf5 19. Qxf5 Kg7 20. Qxh7+ Kf6 21. Qh6+ Ke5 22. f4# 1-0

[Event "Werfen op-B"]
[Site "Werfen"]
[Date "1996.??.??"]
[Round "2"]
[White "Hinterhofer, Hubert"]
[Black "Junger, Gerald"]
[Result "0-1"]
[WhiteElo "1830"]
[BlackElo "1705"]
[PlyCount "108"]
[EventDate "1996.08.??"]
[EventType "swiss"]
[EventRounds "9"]
[EventCountry "AUT"]
[SourceTitle "EXT 2000"]
[Source "ChessBase"]
[SourceDate "1999.11.16"]
[SourceVersion "1"]
[SourceVersionDate "1999.11.16"]
[SourceQuality "1"]

1. Nf3 Nf6 2. g3 g6 3. Bg2 Bg7 4. 0-0 0-0 5. d3 d6 6. e4 e5 7. a4 c6 8. Na3 Nbd7 9. Nc4 Qe7 10. b3 d5 11. exd5 cxd5 12. Ba3 Qe6 13. Bxf8 Bxf8 14. Ncd2 b6 15. Re1 Qd6 16. Rc1 Bb7 17. Qe2 Re8 18. h3 h6 19. Nh2 Qb8 20. Ng4 h5 21. Nxf6+ Nxf6 22. Qf3 Kg7 23. Qe3 Bc5 24. Qg5 Nh7 25. Qh4 Be7 26. Qxe7 Rxe7 27. Re2 Qd6 28. Rce1 f6 29. Kh1 Rc7 30. Nf1 d4 31. Bxb7 Rxb7 32. h4 Rc7 33. Kg1 Rc3 34. f4 Qc6 35. fxe5 fxe5 36. Rc1 Kf6 37. Nd2 Ke6 38. Nc4 Rxc4 39. bxc4 Nf6 40. Rce1 Ng4 41. Re4 Qxa4 42. R1e2 a5 43. Kg2 Qb4 44. Rxd4 a4 45. Rd8 a3 46. Rg8 Kf7 47. Ra8 Qc5 48. Ra7+ Kf6 49. c3 Ne3+ 50. Kf3 Ng4 51. Kg2 Qc6+ 52. Kg1 Qf3 53. Rd2 Qxg3+ 54. Kf1 Ne3+ 0-1